000 04493nab a2200301 i 4500
003 BR-BrBNA
005 20250116125026.0
008 250116b2016 bl.|r|pooa||| 00| 0 por |
040 _aBR-BrBNA
_bpor
072 _aQ03
_b8195
100 _aBarcellos, C.C.C.
100 _a Fonseca, A.B.M.
100 _aSouza , M.C.L.
100 _aFranco, R.M.
100 _a Mesquita, E.F.M.
245 _aInfluência da aplicação de irradiação por feixe de elétrons na qualidade microbiológica de filés de corvina (Micropogonias furnieri) refrigerados
500 _a Publicação online; 18 ref.; 6 illus.; Summaries (En, Pt)
520 _a RESUMO - A adequada manipulação do pescado desde sua captura até seu processamento tecnológico, além da manutenção das condições higiênico-sanitárias, o que inclui a qualidade da água utilizada na cadeia, influencia na carga microbiana inicial apresentada. A fim de retardar o processo de deterioração, diminuir as perdas e os riscos iminentes à saúde coletiva, como a propagação de agentes etiológicos de doenças alimentares, são empregados diferentes métodos de conservação. Os feixes de elétrons são utilizados em vários países e levam à destruição dos microrganismos por alterações em suas estruturas, as quais ocorrem pela remoção de elétrons de seus átomos. Objetivou-se, no presente trabalho, contribuir para a avaliação da eficiência da irradiação por feixe de elétrons na qualidade microbiológica de filés de corvina (M. furnieri) refrigerados, desembarcados no município de Niterói  RJ, Brasil. Foram realizadas contagem de bactérias heterotróficas aeróbias mesófilas, de bactérias heterotróficas aeróbias psicrotróficas e enumeração de Enterococcus spp. e, posteriormente, comparadas as amostras do grupo controle com as dos grupos irradiados a doses de 0,7 e 1,0kGy. Os peixes inteiros foram adquiridos no cais de Itaipu, filetados no mercado, embalados a vácuo e mantidos a ±4°C. Embora não tenha sido encontrada diferença estatisticamente significativa entre os três grupos (P>0,05) em nenhuma das análises, concluiu-se que o processamento utilizado foi eficaz na redução do crescimento das três bactérias pesquisadas no dia zero de ambos os grupos irradiados. Palavras-chave: irradiação de alimentos, Micropogonias furnieri, pescado, qualidade microbiológic
520 _a ABSTRACT - The proper handling of fish from capture to technological processing, as well as maintenance of sanitary conditions and the quality of water, can influence the initial microbial load presented. In order to slow down the deterioration process, the reduction of losses and eminent risk to public health as the spread of etiological agents of foodborne illness are different methods used for storage. Electron beams are used in several countries and lead to the destruction of microorganisms by changes in their structures, which occur by removing electrons from their atoms. The objective in the present study contributes to the evaluation of electron beam irradiation efficiency in microbiological quality of chilled croaker fillets (M. furnieri), landed in Niterói - RJ, Brazil. Were performed Bacteria Count Heterotrophic aerobic mesophilic, psychrotrophic bacteria Heterotrophic Aerobic and enumeration of Enterococcus spp. and subsequently compared to the control group of samples with the groups irradiated at doses of 0.7 and 1.0kGy. Whole fish were purchased from the Itaipu pier, threaded on the market, vacuum packed and kept at ±4°C. Although there was no statistically significant difference among the three groups (P>0.05) in any of the analyzes, it was concluded that the application of this technology was effective in reducing the growth of the three bacteria surveyed on day zero of both irradiated groups. Keywords: food irradiation, Micropogonias furnieri, fisheries, microbiological quality
650 _aCORVINA
650 _aANÁLISE MICROBIOLÓGICA
650 _aHIGIENE DE ALIMENTO
650 _aSEGURANÇA ALIMENTAR
773 0 _01643
_9347390
_dBelo Horizonte-MG Universidade Federal de Minas Gerais - Escola de Veterinaria 1983
_o2024-8403
_tArquivo Brasileiro de Medicina Veterinária e Zootecnia (Brazil)
_x0102-0935
_gv. 68(2) p. 535-542; (2016)
_wBR2024004442
856 _uhttps://www.scielo.br/j/abmvz/a/WGCY6wHTy8Qqv4SJrWgbqWj/?format=pdf&lang=pt
942 _cANA
999 _c329601
_d329601